| 000 | 00983cam a2200277 a 4500 | ||
|---|---|---|---|
| 001 | 1071596 | ||
| 005 | 20241125180312.0 | ||
| 008 | 911002s1992 nyua 001 0 eng | ||
| 020 | _a0471804584 (lib. bdg. : v. 1) | ||
| 020 | _a0471804576 (v. 2) | ||
| 050 | 0 | 0 |
_aQC21.2 _b.R47 1992 |
| 082 | 0 | 0 |
_a530 _220 |
| 100 | 1 |
_aResnick, Robert, _d1923- |
|
| 245 | 1 | 0 |
_aPhysics / _cRobert Resnick, David Halliday, Kenneth S. Krane. _bVolume 1 |
| 250 | _a4th ed. | ||
| 260 |
_aNew York : _bWiley, _cc1992. |
||
| 300 |
_axi.(592, [34] p.) : _bill. ; _c29 cm. |
||
| 500 | _aVol. 2 by David Halliday, Robert Resnick, Kenneth S. Krane. | ||
| 500 | _aIncludes indexes. | ||
| 650 | 0 | _aPhysics. | |
| 700 | 1 |
_aHalliday, David, _d1916- |
|
| 700 | 1 | _aKrane, Kenneth S. | |
| 856 | 4 |
_3Table of Contents only _uhttp://www.loc.gov/catdir/toc/onix05/91035885.html |
|
| 856 | 4 | 2 |
_3Publisher description _uhttp://www.loc.gov/catdir/enhancements/fy0607/91035885-d.html |
| 942 |
_2lcc _cBK _e4th ed. Vol.1 _n0 |
||
| 999 |
_c1536 _d1536 |
||